000
00308nam a22001457a 4500
020
_a
81-240-0800-0
082
_a
894.812.3
_b
ANU/E
100
_a
ANURADHA
245
_a
ELLAM ORMMAKAL
_b
STORY
260
_a
KOTTAYAM
_b
CURRENT BOOKS
_c
1999
300
_a
115
520
_a
NOVEL
650
_a
NOVEL
942
_c
BK
999
_c
4672
_d
4672